000 00616nam a2200181 4500
001 107837
003 ES-MaACL
005 20230906184513.0
007 t|
008 061121s1968 sp r ||||1| spa d
100 1 _aMoreno Izar de la Fuente, Emilio.
_983387
245 1 0 _aGuía didáctica de ` Naturaleza` /
_cEmilio Moreno Izar de la Fuente, Tomás Larrosa Barbero; dibujo Roberto Gutiérrez Rico.
260 _aBurgos :
_bRodríguez,
_c1968.
300 _a175 p. ;
_c22 cm.
700 1 _aLarrosa Barbero, Tomás.
_970363
700 1 _aGutiérrez Rico, Roberto.
_961212
852 _aES-MaACL
_jC-36606
_bR.70988
999 _c107837
_d107837